Vista normal
Vista MARC
Entrada Personal Name
Número de registros utilizados en: 2
001 - CONTROL NUMBER
- control field: 12211
003 - CONTROL NUMBER IDENTIFIER
- control field: DLC
005 - DATE AND TIME OF LATEST TRANSACTION
- control field: 20220308114506.0
008 - FIXED-LENGTH DATA ELEMENTS
- fixed length control field: 810126n| acannaabn |a aaa
010 ## - LIBRARY OF CONGRESS CONTROL NUMBER
- LC control number: n 81004370
035 ## - SYSTEM CONTROL NUMBER
- System control number: (OCoLC)oca00550471
040 ## - CATALOGING SOURCE
- Original cataloging agency: DLC
- Language of cataloging: spa
- Transcribing agency: Mx-PuUPA
- Modifying agency: DLC
- Modifying agency: OCoLC
- Modifying agency: Mx-PuUPA
- Description conventions: rda
046 ## - SPECIAL CODED DATES
- Birth date: 1888
- Death date: 1961
053 #0 - LC CLASSIFICATION NUMBER
- Classification number element--single number or beginning number of span: PQ7297.V26
100 1# - HEADING--PERSONAL NAME
- Personal name: Valle-Arizpe, Artemio de,
- Dates associated with a name: 1888-1961
372 ## - FIELD OF ACTIVITY
- Field of activity: Artesanias
374 ## - OCCUPATION
- Occupation: Autor
375 ## - GENDER
- Gender: hombre
377 ## - ASSOCIATED LANGUAGE
- Language code: spa
400 1# - SEE FROM TRACING--PERSONAL NAME
- Personal name: Arizpe, Artemio de Valle-,
- Dates associated with a name: 1888-1961
400 1# - SEE FROM TRACING--PERSONAL NAME
- Personal name: De Valle-Arizpe, Artemio,
- Dates associated with a name: 1888-1961
400 1# - SEE FROM TRACING--PERSONAL NAME
- Personal name: Del Valle-Arizpe, Artemio,
- Dates associated with a name: 1888-1961
670 ## - SOURCE DATA FOUND
- Source citation: His La muy noble y leal ciudad de Mexico ... 1924.